Protein and peptide mass spectrometry in drug discovery (Record no. 86789)
[ view plain ]
| 000 -LEADER | |
|---|---|
| fixed length control field | 01390nam a2200361Ia 4500 |
| 082 04 - DEWEY DECIMAL CLASSIFICATION NUMBER | |
| Classification number | 615/.19 |
| 245 00 - TITLE STATEMENT | |
| Title | Protein and peptide mass spectrometry in drug discovery |
| 260 ## - PUBLICATION, DISTRIBUTION, ETC. (IMPRINT) | |
| Place of publication | Hoboken, NJ : |
| Name of publisher | Wiley, |
| Year of publication | c2012. |
| 300 ## - PHYSICAL DESCRIPTION | |
| Number of Pages | xviii, 464 p. : |
| Other physical details | ill. (some col.) |
| 650 #0 - SUBJECT ADDED ENTRY--TOPICAL TERM | |
| Topical Term | Drug development. |
| Topical Term | Peptides |
| Topical Term | Proteins |
| 700 1# - ADDED ENTRY--PERSONAL NAME | |
| Personal name | Gross, Michael L. |
| Personal name | Chen, Guodong, |
| Personal name | Pramanik, Birendra N., |
| 856 40 - ELECTRONIC LOCATION AND ACCESS | |
| Uniform Resource Identifier | http://site.ebrary.com/lib/rucke/Doc?id=10577581 |
No items available.
